[Event "Al Ain Classic 2012"]
[Site "Al-Ain UAE"]
[Date "2012.12.27"]
[Round "6.13"]
[White "Javanbakht, Nima"]
[Black "Ismagambetov, Anuar"]
[Result "1/2-1/2"]
[WhiteTitle "FM"]
[BlackTitle "GM"]
[WhiteElo "2406"]
[BlackElo "2463"]
[WhiteFideId "12510670"]
[BlackFideId "13701525"]
[EventDate "2012.12.22"]

1. d4 e6 2. c4 d5 3. Nc3 c5 4. cxd5 exd5 5. Nf3 Nc6 6. g3 Nf6 7. Bg2 Be7 8. O-O
O-O 9. Bg5 c4 10. Ne5 Be6 11. f4 Ng4 12. Nxg4 Bxg4 13. Bxd5 Bxg5 14. fxg5 Qxg5
15. Rf4 Rad8 16. Qd2 Bh3 17. e4 Qe7 18. Rd1 Be6 19. Bxc6 bxc6 20. d5 Qb7 21. Qf2
Bd7 22. Rd2 f6 23. Qc5 cxd5 24. Qxd5+ Qxd5 25. exd5 Rc8 26. Rdd4 Rb8 27. Rxc4
Rxb2 28. Rc7 Bh3 29. Rf2 Rfb8 30. Re2 Rxe2 31. Nxe2 g5 32. Kf2 Rb2 33. Ke3 Rxa2
34. d6 Ra3+ 35. Nc3 Kf8 36. Kd4 Ra6 37. Ne4 Ra4+ 38. Ke3 Ra3+ 39. Kd2 Bf5 40.
Nxf6 Rd3+ 41. Ke2 Rxd6 42. Nxh7+ Bxh7 43. Rxh7 a5 44. Ra7 Rh6 45. Kf3 Rxh2 46.
Rxa5 Kg7 47. Kg4 Rb2 48. Kxg5 Rb7 49. g4 Rc7 50. Kh5 Rb7 51. Ra6 Rb5+ 52. g5 Rb7 1/2-1/2

[Event "Al Ain Classic 2012"]
[Site "Al-Ain UAE"]
[Date "2012.12.27"]
[Round "6.14"]
[White "Lodhi, Mahmood"]
[Black "Dimakiling, Oliver"]
[Result "0-1"]
[WhiteTitle "IM"]
[BlackTitle "IM"]
[WhiteElo "2353"]
[BlackElo "2453"]
[WhiteFideId "7800010"]
[BlackFideId "5202248"]
[EventDate "2012.12.22"]

1. d4 e6 2. Nf3 d5 3. g3 Nd7 4. Bg2 b5 5. O-O Bb7 6. a4 a6 7. Nbd2 Ngf6 8. c3 c5
9. Re1 h6 10. axb5 axb5 11. Rxa8 Qxa8 12. dxc5 Bxc5 13. Nb3 Be7 14. Nfd4 Ba6 15.
Na5 O-O 16. Ndc6 Bc5 17. b4 Bb6 18. Bf4 Bb7 19. Nxb7 Qxb7 20. Ne7+ Kh8 21. e4
dxe4 22. Qd6 Re8 23. Nc6 e5 24. Nxe5 Nxe5 25. Bxe5 Bxf2+ 26. Kxf2 Rxe5 27. Kg1
Qa7+ 28. Kh1 Re6 29. Qd8+ Re8 30. Qa5 Qf2 31. Rf1 Qe2 32. Qb6 Ng4 33. Qc6 Rd8
34. Qc7 Rf8 35. Qc5 Kg8 36. h3 Ne3 37. Rg1 f5 38. Qd6 Rf6 39. Qb8+ Kh7 40. g4
Nxg2 41. Rxg2 Qf1+ 42. Kh2 fxg4 43. hxg4 Rf2 44. Qg3 Rf3 45. Qe5 Qd3 46. Rg3
Rf2+ 47. Rg2 Rxg2+ 48. Kxg2 Qf3+ 49. Kh2 e3 50. Qg3 Qe4 51. Qg2 Qe5+ 52. Qg3
Qxc3 53. Qf3 Qe5+ 0-1

[Event "Al Ain Classic 2012"]
[Site "Al-Ain UAE"]
[Date "2012.12.27"]
[Round "6.15"]
[White "Ezat, Mohamed"]
[Black "Raes, A"]
[Result "1-0"]
[WhiteTitle "IM"]
[WhiteElo "2450"]
[BlackElo "2235"]
[WhiteFideId "10600906"]
[BlackFideId "7600801"]
[EventDate "2012.12.22"]

1. d4 Nf6 2. c4 e6 3. Nc3 d5 4. cxd5 exd5 5. Bg5 Be7 6. e3 O-O 7. Bd3 c6 8. Qc2
Nbd7 9. Nge2 Re8 10. O-O Nf8 11. f3 g6 12. Rad1 Ne6 13. Bh4 Ng7 14. e4 Be6 15.
Qc1 Rc8 16. Kh1 Qb6 17. a3 a5 18. Na4 Qa7 19. Nc5 b6 20. Nxe6 Nxe6 21. e5 Nh5
22. Bxe7 Qxe7 23. f4 f5 24. exf6 Qxf6 25. f5 Nxd4 26. Nxd4 Qxd4 27. fxg6 Qh4 28.
gxh7+ Kh8 29. Rf3 Rf8 30. Rh3 Qg4 31. Rxh5 Rf2 32. Rg5 1-0

[Event "Al Ain Classic 2012"]
[Site "Al-Ain UAE"]
[Date "2012.12.27"]
[Round "6.16"]
[White "Zabeib, Mohamed"]
[Black "Can, Emre"]
[Result "0-1"]
[BlackTitle "GM"]
[WhiteElo "2158"]
[BlackElo "2448"]
[WhiteFideId "10607617"]
[BlackFideId "6302181"]
[EventDate "2012.12.22"]

1. d4 Nf6 2. c4 g6 3. Nc3 Bg7 4. e4 d6 5. Bd3 O-O 6. Nge2 e5 7. d5 a5 8. f3 Nh5
9. Be3 Na6 10. a3 f5 11. Qd2 Bd7 12. Bg5 Qe8 13. Bh6 Qf7 14. Bxg7 Qxg7 15. O-O-O
f4 16. Rdf1 Nc5 17. Bc2 g5 18. g4 Nf6 19. h4 h6 20. Kb1 Kf7 21. Nc1 h5 22. hxg5
Qxg5 23. gxh5 Rh8 24. Rfg1 Qh6 25. Rg6 Qh7 26. N1e2 Ke7 27. Nxf4 Qf7 28. Qg2
Rag8 29. Rxg8 Rxg8 30. Ng6+ Kd8 31. Qg5 Kc8 32. f4 Kb8 33. f5 Rg7 34. Ka2 c6 35.
Qe3 Qe8 36. b4 Na6 37. Qb6 axb4 38. axb4 Qc8 39. Kb3 Qc7 40. Qxc7+ Nxc7 41. dxc6
bxc6 42. h6 Rh7 43. Bd3 Be8 44. Nf8 Rh8 45. Ne6 Nxe6 46. fxe6 Bh5 47. b5 Bg4 48.
bxc6 Bxe6 49. Nd5 Ng4 50. h7 Nf2 51. c7+ Kb7 52. Rb1 Bxd5 53. exd5 Nxd3 54.
c8=Q+ Kxc8 55. Kc3 Nc5 56. Rh1 Kd7 57. Rh6 Ke7 58. Kb4 Nd3+ 59. Kb5 Kd7 60. Kb6
e4 61. Rh3 Nc5 62. Kb5 e3 63. Rxe3 Rxh7 64. Ra3 Kc7 65. Ra7+ Nb7 66. Ka6 Kb8 67.
Kb6 Rf7 68. Ra4 Nc5 69. Ra1 Rc7 70. Rh1 Nd7+ 71. Kb5 Ne5 72. Rh4 Kb7 73. Re4
Rc5+ 74. Kb4 Kb6 75. Rh4 Rc8 76. Re4 Rg8 77. Re2 Rg3 0-1

[Event "Al Ain Classic 2012"]
[Site "Al-Ain UAE"]
[Date "2012.12.27"]
[Round "6.17"]
[White "Abdel Razik, Khaled"]
[Black "Hamdouchi, Adina-Maria"]
[Result "1-0"]
[WhiteTitle "IM"]
[BlackTitle "WGM"]
[WhiteElo "2448"]
[BlackElo "2211"]
[WhiteFideId "10601104"]
[BlackFideId "1206435"]
[EventDate "2012.12.22"]

1. d4 d6 2. c4 e5 3. Nf3 Nd7 4. Nc3 Ngf6 5. g3 g6 6. Bg2 Bg7 7. O-O O-O 8. h3 a6
9. Be3 Rb8 10. a4 Re8 11. Qc1 exd4 12. Nxd4 Ne5 13. Bg5 c5 14. Nb3 Be6 15. Nd5
Bxd5 16. cxd5 Qb6 17. Ra3 Qb4 18. Bd2 Qc4 19. Qd1 Ne4 20. Be1 f5 21. Kh2 b6 22.
f3 Nf6 23. Nd2 Qxd5 24. f4 Neg4+ 25. hxg4 Nxg4+ 26. Kh1 Qe6 27. e4 Bxb2 28. Rd3
Bd4 29. Nf3 fxe4 30. Ng5 Qf5 31. Rxd4 cxd4 32. Qxd4 Qc5 33. Qd1 Ne3 34. Qb3+ d5
35. Bf2 Nxf1 36. Bxc5 Nxg3+ 37. Kh2 Rbd8 38. Bxb6 Rd6 39. Kxg3 Rb8 40. a5 Re8
41. Nxe4 1-0

[Event "Al Ain Classic 2012"]
[Site "Al-Ain UAE"]
[Date "2012.12.27"]
[Round "6.18"]
[White "Labib, Ibrahim Hasan"]
[Black "Ji, Dan"]
[Result "0-1"]
[WhiteTitle "IM"]
[WhiteElo "2432"]
[BlackElo "2341"]
[WhiteFideId "10600426"]
[BlackFideId "8601887"]
[EventDate "2012.12.22"]

1. Nf3 d5 2. d4 Nf6 3. c4 e6 4. Bg5 Be7 5. Nc3 h6 6. Bxf6 Bxf6 7. Qb3 c6 8. e3
Nd7 9. O-O-O Qe7 10. Kb1 O-O 11. Qc2 dxc4 12. h4 g6 13. Bxc4 Bg7 14. Bb3 Rd8 15.
e4 c5 16. e5 cxd4 17. Ne2 b6 18. Nexd4 Bb7 19. Qe2 Nc5 20. Bc2 Rd7 21. Rd2 Rad8
22. Rhd1 Bxf3 23. Nxf3 Rxd2 24. Rxd2 Qc7 25. Rxd8+ Qxd8 26. h5 g5 27. a3 Qb8 28.
Nd4 Nd7 29. Nc6 Qc7 30. Qe4 Nc5 31. Qh7+ Kf8 32. Be4 Nd7 33. Bf3 Nxe5 34. Qe4
Nxf3 35. Qxf3 Kg8 36. b4 Qd7 37. Kc2 b5 38. Na5 Qd4 39. Nb7 Qb2+ 40. Kd1 Bc3 41.
Qd3 Qxa3 42. Qxb5 Qb2 43. Qe8+ Kg7 44. Qd7 Qxf2 45. Nd8 Qd4+ 46. Qxd4+ Bxd4 47.
Ke2 Bb6 48. Nb7 f5 49. g4 fxg4 50. b5 Kf6 51. Nd6 g3 52. Ne4+ Kf5 53. Nxg3+ Kg4
54. Ne4 Kxh5 55. Kf3 Kg6 0-1

[Event "Al Ain Classic 2012"]
[Site "Al-Ain UAE"]
[Date "2012.12.27"]
[Round "6.19"]
[White "Jumabayev, Rinat"]
[Black "Karthikeyan, Murali"]
[Result "1-0"]
[WhiteTitle "GM"]
[WhiteElo "2567"]
[BlackElo "2315"]
[WhiteFideId "13702661"]
[BlackFideId "5074452"]
[EventDate "2012.12.22"]

1. Nf3 Nf6 2. c4 e6 3. g3 d5 4. d4 Be7 5. Bg2 O-O 6. O-O dxc4 7. Qc2 a6 8. a4
Bd7 9. Qxc4 Bc6 10. Bf4 Nd5 11. Bd2 Nd7 12. Rd1 a5 13. Qb3 Qe8 14. Re1 N7b6 15.
e4 Nf6 16. Nc3 Bb4 17. d5 Bd7 18. Bg5 e5 19. Bxf6 gxf6 20. Rec1 Rc8 21. Nh4 Kh8
22. Qd1 Nc4 23. Qf3 Be7 24. Nb5 Nxb2 25. Nf5 Bd8 26. Bf1 Nxa4 27. Rxa4 Bxb5 28.
Bxb5 Qxb5 29. Qa3 Qe8 30. Rxa5 Rb8 31. Kg2 Rg8 32. Ra7 Rf8 33. Qb4 b5 34. Rc6
Rg8 35. Ra5 Qf8 36. d6 cxd6 37. Rxb5 Rxb5 38. Qxb5 Qe8 39. Qb7 Rf8 40. Rxd6 Qa4
41. Qd5 Qe8 42. Rd7 Kg8 43. Qd6 Kh8 44. Qd2 Rg8 45. Nh6 Be7 46. Nxg8 Kxg8 47.
Qd5 Kg7 48. Rb7 Qf8 49. Qd7 Ba3 50. Qg4+ Kh8 51. Rc7 Qg7 52. Rc8+ Bf8 53. Kf3
Qh6 54. h3 Qg7 55. h4 Kg8 56. h5 h6 57. Ra8 Kh7 58. Qf5+ Kg8 59. Qc8 f5 60. Qxf5
Kh8 61. Re8 f6 62. Qg6 Qxg6 63. hxg6 Kg7 64. Rxf8 Kxf8 65. Kg4 Kg8 66. Kh5 Kg7
67. f4 f5 68. exf5 e4 69. Kg4 Kf6 70. Kh3 h5 71. Kg2 1-0

[Event "Al Ain Classic 2012"]
[Site "Al-Ain UAE"]
[Date "2012.12.27"]
[Round "6.20"]
[White "Darini, Pouria"]
[Black "Arjun, Bharat"]
[Result "1-0"]
[WhiteTitle "IM"]
[BlackTitle "CM"]
[WhiteElo "2522"]
[BlackElo "2295"]
[WhiteFideId "12502200"]
[BlackFideId "5032725"]
[EventDate "2012.12.22"]

1. e4 c5 2. Nf3 d6 3. d4 cxd4 4. Nxd4 Nf6 5. Nc3 g6 6. Be3 Bg7 7. f3 Nc6 8. Qd2
O-O 9. Bc4 Nxd4 10. Bxd4 Be6 11. Bb3 Qa5 12. O-O Rfc8 13. Rad1 Nd7 14. Bxg7 Kxg7
15. f4 Qc5+ 16. Kh1 Bxb3 17. axb3 Nf6 18. Qe1 e6 19. e5 dxe5 20. fxe5 Ng4 21.
Qh4 h5 22. h3 Rh8 23. Rde1 Rad8 24. Ne4 Qb6 25. Qe7 Rdf8 26. Ng5 Nh6 27. Rf6 Nf5
28. Rxg6+ 1-0

[Event "Al Ain Classic 2012"]
[Site "Al-Ain UAE"]
[Date "2012.12.27"]
[Round "6.21"]
[White "Hassan, Sayed Barakat"]
[Black "El Gindy, Essam"]
[Result "0-1"]
[WhiteTitle "IM"]
[BlackTitle "GM"]
[WhiteElo "2347"]
[BlackElo "2486"]
[WhiteFideId "10600299"]
[BlackFideId "10600140"]
[EventDate "2012.12.22"]

1. e4 c5 2. Nc3 e6 3. g3 d5 4. d3 dxe4 5. Nxe4 Be7 6. Bg2 Nf6 7. Qe2 Nc6 8. Nf3
O-O 9. O-O h6 10. Nxf6+ Bxf6 11. c3 e5 12. Be3 Bf5 13. Rfd1 Qd6 14. Nd2 Qxd3 15.
Qxd3 Bxd3 16. Bxc5 Rfd8 17. Ne4 Be7 18. Bxe7 Nxe7 19. Nc5 Be2 20. Bxb7 Bxd1 21.
Bxa8 Be2 22. Bg2 Rd2 23. b3 f5 24. c4 e4 25. Bf1 Bxf1 26. Kxf1 Nc6 27. Ke1 Rc2
28. g4 e3 29. gxf5 exf2+ 30. Kf1 Ne5 31. h3 Nf3 32. Kg2 Nh2 33. Rf1 Nxf1 34.
Kxf1 Rxa2 35. Nd3 a5 36. Ne5 Kf8 37. c5 Ke7 38. Kg2 Kd8 39. Nc4 Kc7 40. Nd6 Kd7
41. Kf1 Rc2 42. Nb7 Ra2 43. Nd6 Rb2 44. Nc4 Rxb3 45. Nxa5 Rxh3 46. Kxf2 Rh5 47.
Ke3 Rxf5 48. Kd4 h5 0-1

[Event "Al Ain Classic 2012"]
[Site "Al-Ain UAE"]
[Date "2012.12.27"]
[Round "6.22"]
[White "Mammadov, Zaur"]
[Black "Visweswaran, K."]
[Result "1-0"]
[WhiteTitle "IM"]
[BlackTitle "FM"]
[WhiteElo "2459"]
[BlackElo "2158"]
[WhiteFideId "13401033"]
[BlackFideId "5005353"]
[EventDate "2012.12.22"]

1. e4 e5 2. Nf3 Nf6 3. Nxe5 d6 4. Nf3 Nxe4 5. d4 d5 6. Bd3 Nc6 7. O-O Be7 8. Nc3
f5 9. Ne2 O-O 10. Bb5 Bd6 11. Nf4 Ne7 12. Nd3 c6 13. Ba4 Ng6 14. Bb3 Be6 15. Re1
Qf6 16. Nfe5 Rae8 17. f3 Ng5 18. Bd2 Nf7 19. f4 Qd8 20. Qf3 Nfxe5 21. dxe5 Be7
22. Be3 Qa5 23. c3 Rd8 24. Qf2 b6 25. Bc2 c5 26. a3 Qb5 27. b4 d4 28. cxd4 cxd4
29. Bc1 Bd5 30. Rd1 Be4 31. Bb2 Nh4 32. Ne1 d3 33. Bb3+ Kh8 34. Rac1 d2 35. Rxd2
Rxd2 36. Qxd2 Bxg2 37. Qf2 Be4 38. Rc7 Ng6 39. e6 Rg8 40. Bc4 Qa4 41. Qd4 a5 42.
Qd7 b5 43. Ra7 Bd3 44. Bxd3 Qd1 45. Kf1 Qd2 46. Qd4 axb4 47. Bxf5 Qxh2 48. Bxg6
bxa3 49. Ba1 Qh3+ 50. Kg1 Qxe6 51. Ng2 Bf6 52. Qxf6 Qxf6 53. Bxf6 hxg6 54. Be7 1-0

[Event "Al Ain Classic 2012"]
[Site "Al-Ain UAE"]
[Date "2012.12.27"]
[Round "6.23"]
[White "Mohamed, Tarek"]
[Black "Kuderinov, Kirill"]
[Result "0-1"]
[BlackTitle "IM"]
[WhiteElo "2274"]
[BlackElo "2452"]
[WhiteFideId "10617981"]
[BlackFideId "13701568"]
[EventDate "2012.12.22"]

1. Nf3 d5 2. c4 dxc4 3. Na3 Nf6 4. Nxc4 g6 5. b3 Bg7 6. Bb2 O-O 7. g3 b5 8. Nce5
Bb7 9. Qc1 c5 10. Bg2 Nbd7 11. Nxd7 Qxd7 12. O-O Rac8 13. d3 Bd5 14. Rd1 Qb7 15.
e4 Be6 16. Ne5 Rfd8 17. Re1 Qb6 18. Qc2 a6 19. Rab1 h5 20. h3 Nd7 21. Nxd7 Rxd7
22. Bxg7 Kxg7 23. h4 Qd6 24. Bf1 Qd4 25. Rbc1 a5 26. Qc3 a4 27. bxa4 Qxc3 28.
Rxc3 b4 29. Rc2 Ra8 30. d4 Rxd4 31. Bb5 c4 32. Bc6 Rc8 33. Bd5 Bxd5 34. exd5 c3
35. Rxe7 Rd2 36. Re2 Rxe2 0-1

[Event "Al Ain Classic 2012"]
[Site "Al-Ain UAE"]
[Date "2012.12.27"]
[Round "6.24"]
[White "Tarasova, Viktoriya"]
[Black "Shyam, Nikil P."]
[Result "0-1"]
[WhiteTitle "WIM"]
[BlackTitle "IM"]
[WhiteElo "2254"]
[BlackElo "2431"]
[WhiteFideId "4175840"]
[BlackFideId "5024218"]
[EventDate "2012.12.22"]

1. d4 g6 2. c4 Bg7 3. e4 c5 4. d5 d6 5. Nc3 Nd7 6. Nf3 a6 7. a4 Qc7 8. Be2 e5 9.
dxe6 fxe6 10. Bf4 Ne5 11. Qd2 Ne7 12. Rd1 Nxf3+ 13. Bxf3 Be5 14. Bg4 Nc6 15. Be3
Bd4 16. Ne2 Bxe3 17. Qxe3 Ne5 18. Qc3 Rf8 19. Bh3 g5 20. f4 gxf4 21. O-O Qe7 22.
Nxf4 Bd7 23. b3 O-O-O 24. Qd2 Kc7 25. Ne2 Bc6 26. Qe3 Kb8 27. Nf4 Bd7 28. Qd2
Bc8 29. Nd3 Nc6 30. Rxf8 Rxf8 31. b4 Nd4 32. e5 Qg7 33. Kh1 dxe5 34. Nxc5 b6 35.
Ne4 Rf4 36. Ng3 Qc7 37. Nh5 Rh4 38. Qg5 Rxh3 39. Rxd4 Rxh5 0-1

[Event "Al Ain Classic 2012"]
[Site "Al-Ain UAE"]
[Date "2012.12.27"]
[Round "6.25"]
[White "Abdulov, Orkhan"]
[Black "Navalgund, Niranjan"]
[Result "1/2-1/2"]
[WhiteTitle "IM"]
[WhiteElo "2387"]
[BlackElo "2169"]
[WhiteFideId "13402714"]
[BlackFideId "5030854"]
[EventDate "2012.12.22"]

1. c4 g6 2. g3 Bg7 3. Bg2 c5 4. Nc3 Nc6 5. e3 e6 6. Nge2 Nge7 7. d4 cxd4 8. exd4
d5 9. cxd5 Nxd5 10. Nxd5 exd5 11. O-O O-O 12. Be3 Bg4 13. f3 Re8 14. fxg4 Rxe3
15. Nf4 Bxd4 16. Kh1 Re5 17. Qd3 Qd7 18. Rac1 Be3 19. Nxd5 Kg7 20. Rxc6 bxc6 21.
Qc3 Bd4 22. Qxd4 f6 23. g5 Rae8 24. gxf6+ Kf7 25. Qf4 Rf5 26. Qc7 Qxc7 27. Nxc7
Rxf1+ 28. Bxf1 Re1 29. Kg1 Rb1 30. b3 Kxf6 31. Na6 Ke5 32. Nb4 Kd6 33. h4 Rb2
34. Bc4 a5 35. Nd3 Rxa2 36. Bg8 h6 37. Nf4 g5 38. hxg5 hxg5 39. Nh3 Ke5 40. Nxg5
Kf5 41. Nf7 Kg4 42. Ne5+ Kxg3 43. Kf1 Rf2+ 44. Ke1 a4 45. bxa4 Rf8 46. Bf7 Ra8 1/2-1/2

[Event "Al Ain Classic 2012"]
[Site "Al-Ain UAE"]
[Date "2012.12.27"]
[Round "6.26"]
[White "Tissir, Mohamed"]
[Black "Ali Marandi, Cemil Can"]
[Result "0-1"]
[WhiteTitle "IM"]
[BlackTitle "FM"]
[WhiteElo "2411"]
[BlackElo "2354"]
[WhiteFideId "9000240"]
[BlackFideId "6300529"]
[EventDate "2012.12.22"]

1. e4 e6 2. d4 d5 3. Nc3 Nf6 4. Bg5 Be7 5. Bxf6 Bxf6 6. Nf3 O-O 7. Qd2 c5 8.
exd5 cxd4 9. Nxd4 exd5 10. Be2 Nc6 11. Nb3 Re8 12. O-O d4 13. Na4 Bf5 14. Nac5
b6 15. Bf3 Rc8 16. Nd3 Ne5 17. Nxe5 Bxe5 18. Rac1 Qf6 19. Rfe1 Bg6 20. Rxe5 Qxe5
21. Nxd4 Bxc2 22. h3 Be4 23. Re1 Qd5 24. Qe3 Red8 25. Nc6 Qxc6 26. Bxe4 Qf6 27.
Qa3 a5 28. Bf3 g6 29. Qb3 Rd2 0-1

[Event "Al Ain Classic 2012"]
[Site "Al-Ain UAE"]
[Date "2012.12.27"]
[Round "6.27"]
[White "Shoker, Samy"]
[Black "Soozankar, A.M."]
[Result "1-0"]
[WhiteTitle "IM"]
[BlackTitle "FM"]
[WhiteElo "2490"]
[BlackElo "2223"]
[WhiteFideId "627143"]
[BlackFideId "12503029"]
[EventDate "2012.12.22"]

1. Nf3 d5 2. g3 c5 3. Bg2 Nc6 4. O-O e5 5. d3 Nge7 6. a3 f6 7. Nc3 Be6 8. Rb1
Qd7 9. b4 cxb4 10. axb4 Bh3 11. Bxh3 Qxh3 12. e4 d4 13. Na4 Nc8 14. c3 b5 15.
Nc5 dxc3 16. Be3 Bxc5 17. Bxc5 Qe6 18. Ra1 Kf7 19. Ra6 Rd8 20. d4 c2 21. Qxc2
Nxd4 22. Nxd4 Qxa6 23. Qb3+ Kg6 24. Nf5 h6 25. f4 Qc6 26. fxe5 Qxe4 27. Nh4+ Kh7
28. exf6 Nd6 29. f7 Nc4 30. f8=Q Rxf8 31. Bxf8 Nd2 32. Qc3 Rxf8 33. Qxd2 Rxf1+
34. Kxf1 Qh1+ 35. Kf2 Qxh2+ 36. Ng2 Qh5 37. Qd3+ Kh8 38. Nf4 Qh2+ 39. Kf3 Qh1+
40. Kg4 Qb7 41. Ng6+ Kg8 42. Qd5+ 1-0

[Event "Al Ain Classic 2012"]
[Site "Al-Ain UAE"]
[Date "2012.12.27"]
[Round "6.28"]
[White "Rajesh, V A V"]
[Black "Zelesco, Karl"]
[Result "1-0"]
[WhiteTitle "FM"]
[WhiteElo "2370"]
[BlackElo "2154"]
[WhiteFideId "5029317"]
[BlackFideId "3213390"]
[EventDate "2012.12.22"]

1. d4 d5 2. c4 c6 3. Nf3 Nf6 4. Nc3 e6 5. e3 Nbd7 6. Bd3 dxc4 7. Bxc4 b5 8. Bd3
Bb7 9. O-O a6 10. e4 c5 11. d5 Qc7 12. dxe6 fxe6 13. Bc2 c4 14. Ng5 Nc5 15. e5
Qxe5 16. Re1 Qd6 17. Qxd6 Bxd6 18. Be3 O-O-O 19. Nf7 Kc7 20. Rad1 Bd5 21. Nxh8
Rxh8 22. Nxd5+ exd5 23. Bd4 Kc6 24. Re2 Rd8 25. b4 Nb7 26. Re6 Kc7 27. g3 a5 28.
bxa5 Nc5 29. Bxf6 gxf6 30. Rxf6 Be7 31. Rf7 Kd6 32. Bxh7 Ke6 33. Bg6 Rd7 34. a6
Nd3 35. Rxe7+ Rxe7 36. Bxd3 Ra7 37. Bb1 Rxa6 38. h4 Rd6 39. h5 d4 40. h6 d3 41.
h7 Rd8 42. Bxd3 cxd3 43. Rxd3 Rh8 44. Rb3 1-0

[Event "Al Ain Classic 2012"]
[Site "Al-Ain UAE"]
[Date "2012.12.27"]
[Round "6.29"]
[White "Ssegwanyi, Arthur"]
[Black "Manakova, Maria"]
[Result "0-1"]
[BlackTitle "WGM"]
[WhiteElo "2222"]
[BlackElo "2338"]
[WhiteFideId "10000100"]
[BlackFideId "927007"]
[EventDate "2012.12.22"]

1. e4 c5 2. Nf3 Nc6 3. d4 cxd4 4. Nxd4 e6 5. Nc3 Qc7 6. Nxc6 dxc6 7. Bd3 Nf6 8.
O-O e5 9. Qe1 Nh5 10. Qe2 g6 11. Be3 Nf4 12. Qd2 Ne6 13. Bc4 Bg7 14. Bxe6 Bxe6
15. Bc5 Rd8 16. Qe2 b6 17. Ba3 c5 18. Rad1 O-O 19. Nd5 Bxd5 20. exd5 Rfe8 21. b3
e4 22. c4 Be5 23. h3 Bd4 24. Bc1 b5 25. Be3 Qe5 26. Qd2 Bc3 27. Qc2 Bd4 28. Rfe1
f5 29. Bxd4 cxd4 30. Qd2 d3 31. Qa5 bxc4 32. bxc4 Qd4 33. Rb1 Rd7 34. Qa6 d2 35.
Rf1 f4 36. Qc6 Red8 37. Kh2 e3 38. Qe6+ Kh8 39. fxe3 fxe3 40. Rbd1 Qc5 41. Qg4
Qe7 42. Qe2 Re8 43. Rf3 Rc7 44. Rdf1 Qe5+ 45. g3 Rb7 46. d6 d1=Q 47. Qxd1 e2 48.
Qd2 exf1=N+ 0-1

[Event "Al Ain Classic 2012"]
[Site "Al-Ain UAE"]
[Date "2012.12.27"]
[Round "6.31"]
[White "Wallis, Christopher"]
[Black "Ihsan, Jawad"]
[Result "1-0"]
[WhiteTitle "FM"]
[BlackTitle "CM"]
[WhiteElo "2283"]
[BlackElo "2126"]
[WhiteFideId "3204839"]
[BlackFideId "11500263"]
[EventDate "2012.12.22"]

1. d4 Nf6 2. c4 g6 3. Nc3 Bg7 4. e4 d6 5. f3 c6 6. Be3 a6 7. c5 dxc5 8. dxc5
Qxd1+ 9. Rxd1 a5 10. Na4 Be6 11. b3 Nfd7 12. Ne2 Na6 13. Nf4 Nc7 14. Nxe6 Nxe6
15. Bc4 Ne5 16. Bxe6 fxe6 17. Ke2 Kf7 18. h3 Rhd8 19. Nb6 1-0

[Event "Al Ain Classic 2012"]
[Site "Al-Ain UAE"]
[Date "2012.12.27"]
[Round "6.32"]
[White "Enkhtuul, Altanulzii"]
[Black "Mokhtar, Ahmed"]
[Result "1/2-1/2"]
[WhiteTitle "WIM"]
[WhiteElo "2153"]
[BlackElo "2282"]
[WhiteFideId "4901444"]
[BlackFideId "10600698"]
[EventDate "2012.12.22"]

1. d4 e6 2. Nf3 b6 3. g3 Bb7 4. Bg2 Nf6 5. O-O c5 6. Bf4 d6 7. dxc5 bxc5 8. c4
Qb6 9. Nc3 Be7 10. Qb3 Nc6 11. Qxb6 axb6 12. Nb5 O-O-O 13. Rfd1 Ne8 14. Ng5 Bxg5
15. Bxg5 f6 16. Bf4 e5 17. Be3 Na5 18. b3 Bxg2 19. Kxg2 Rf8 20. f4 Rf7 21. Rd2
Rfd7 22. Rad1 Nc6 23. Kf2 h6 24. h4 h5 25. f5 Ne7 26. Nc3 Nxf5 27. Nd5 Rb7 28.
a4 Nc7 29. Nc3 Kd7 30. Rb2 Na6 31. Nd5 Ne7 32. Nc3 Ke6 33. Rbd2 Rbd7 34. a5 bxa5
35. Ne4 d5 36. cxd5+ Rxd5 37. Rxd5 Rxd5 38. Rc1 Nf5 39. Ra1 Nxe3 40. Kxe3 Nb4
41. Rxa5 Nc2+ 42. Kf2 Kf5 43. Rxc5 Kxe4 44. Rxc2 Rb5 45. Rc4+ Kd5 46. Rc7 g5 47.
hxg5 fxg5 48. Rg7 g4 49. Rg5 Kd4 50. Rxh5 Rb8 51. Rf5 Rh8 52. Kg2 Rb8 53. Kf2
Rxb3 54. Rg5 Rb8 55. e3+ Ke4 56. Rxg4+ Kd3 57. e4 Rf8+ 58. Kg2 Ke3 59. Rh4 Rg8
60. Rh1 Kxe4 61. Re1+ Kd4 62. Rd1+ Kc3 63. Re1 Rg5 64. Kf3 Kd2 65. Ra1 Kd3 66.
Rd1+ Kc4 67. Rd8 1/2-1/2

[Event "Al Ain Classic 2012"]
[Site "Al-Ain UAE"]
[Date "2012.12.27"]
[Round "6.33"]
[White "Yasseen, Aly"]
[Black "Bharat, Vijay"]
[Result "1/2-1/2"]
[WhiteTitle "IM"]
[WhiteElo "2280"]
[BlackElo "1961"]
[WhiteFideId "10600116"]
[BlackFideId "5032784"]
[EventDate "2012.12.22"]

1. e4 c5 2. Nf3 d6 3. d4 cxd4 4. Nxd4 Nf6 5. Nc3 g6 6. Be3 Bg7 7. f3 Nc6 8. Qd2
O-O 9. Bc4 Bd7 10. Bb3 Na5 11. h4 Rc8 12. h5 Nc4 13. Bxc4 Rxc4 14. hxg6 fxg6 15.
O-O-O Qa5 16. Nb3 Qc7 17. e5 Ne8 18. Nd5 Qd8 19. Bg5 Rf7 20. Nxe7+ Rxe7 21. exd6
Qc8 22. dxe7 Bf5 23. Qd5+ Be6 24. Qd2 Bf5 25. Qd5+ Be6 26. Qd2 1/2-1/2

[Event "Al Ain Classic 2012"]
[Site "Al-Ain UAE"]
[Date "2012.12.27"]
[Round "6.34"]
[White "Asgarova, Turan"]
[Black "Mohannad, Farhan"]
[Result "1-0"]
[BlackTitle "FM"]
[WhiteElo "1932"]
[BlackElo "2263"]
[WhiteFideId "13403451"]
[BlackFideId "8100918"]
[EventDate "2012.12.22"]

1. e4 c5 2. Nf3 Nc6 3. Bb5 d6 4. O-O Bd7 5. Re1 Nf6 6. c3 Qb6 7. Bf1 Bg4 8. d3
e6 9. Nbd2 Be7 10. Nc4 Qc7 11. a4 Ne5 12. Ncd2 O-O-O 13. d4 Nc6 14. Qb3 d5 15.
exd5 exd5 16. dxc5 Bxc5 17. Qb5 Bd6 18. h3 Bh5 19. b4 a6 20. Qd3 Bg6 21. Qe2
Rhe8 22. Qd1 Ne4 23. Bb2 Bh5 24. Qb3 Qb6 25. Nxe4 dxe4 26. a5 Qc7 27. Nd4 e3 28.
Rxe3 Rxe3 29. fxe3 Qe7 30. Nf5 Qe5 31. Nxd6+ Rxd6 32. c4 Qg3 33. b5 Ne5 34. Bxe5
Qxe5 35. bxa6 Rxa6 36. Rb1 Qe7 37. c5 Bg6 38. Rb2 Rxa5 39. c6 Ra1 40. cxb7+ Kb8
41. Qc3 Bf5 42. e4 Ra3 43. Qxg7 Bd7 44. Qg8+ Be8 45. Qg4 Qc5+ 46. Kh1 Qc1 47.
Rb1 Qxb1 48. Qc8+ Ka7 49. Qa8+ 1-0